[Event "EU-ch U14 26th"]
[Site "Prague"]
[Date "2016.08.26"]
[Round "8"]
[White "Kriz, Tomas"]
[Black "Matus, Filip"]
[Result "0-1"]
[WhiteElo "1404"]
[BlackElo "1700"]
[PlyCount "56"]
[EventDate "2016.08.18"]
[EventType "swiss"]
[EventRounds "9"]
[EventCountry "CZE"]
[SourceTitle "CBM 174 Extra"]
[Source "ChessBase"]
[SourceDate "2016.10.10"]
[SourceVersion "1"]
[SourceVersionDate "2016.10.10"]
[SourceQuality "1"]

1. d4 d5 2. c4 e6 3. Nc3 Nf6 4. cxd5 exd5 5. Bf4 c6 6. e3 Be7 7. Bd3 Bg4 8. Nge2 0-0 9. 0-0 Nbd7 10. Qd2 Nh5 11. Bg3 Nxg3 12. Nxg3 Nf6 13. h3 Be6 14. a3 Qd7 15. Rac1 Bd6 16. e4 Bxg3 17. fxg3 dxe4 18. Nxe4 Qxd4+ 19. Nf2 Rfd8 20. Rfd1 Qb6 21. Qc3 Rd7 22. b4 Rad8 23. Be2 Rxd1+ 24. Rxd1 Rxd1+ 25. Bxd1 Qxf2+ 26. Kh2 Bd5 27. Bf3 Bxf3 28. Qxf3 Qxf3 0-1